Phát triển và quản lý trang trại trong kinh tế thị trường

Gardado en:
Detalles Bibliográficos
Autor Principal: Lê Trọng
Formato: Libro
Idioma:Vietnamese
Publicado: Nông nghiệp 2000
Các nhãn: Engadir etiqueta
Sen Etiquetas, Sexa o primeiro en etiquetar este rexistro!
Thư viện lưu trữ: Mạng thư viện Đại học Đà Nẵng
LEADER 00659nam a2200253 4500
001 000020415
003 16861
005 20150317150333.0
008 150317s2000 viesd
020 |c 18000 
041 0 |a vie  |h 18000 
082 1 4 |a 338.1  |b LÊ-T 
100 1 |a Lê Trọng 
245 1 0 |a Phát triển và quản lý trang trại trong kinh tế thị trường  |c Lê Trọng 
260 |b Nông nghiệp  |c 2000 
300 |a tr.  |c cm. 
OWN |a LSP 
999 |a From the UDN01 
TYP |a Monograph 
TYP |a Printed language 
980 |a Mạng thư viện Đại học Đà Nẵng